| 000 | 01970nam0a2200421 i 4500 | ||
|---|---|---|---|
| 001 | RU\NLR\BIBL_A\011505348 | ||
| 005 | 20240921185018.0 | ||
| 010 | _a9785904757953 | ||
| 035 | _a(NILC)LIBNET\0000681446 | ||
| 035 | _a(NLR Aleph) 011505348 | ||
| 090 |
_a12016737 _c12016737 |
||
| 100 | _a20171024d2016 y0rusy50 ca | ||
| 101 | 1 |
_arus _ceng |
|
| 102 | _aRU | ||
| 105 | _aa|||z|||000zy | ||
| 200 | 1 |
_aМетоды анализа пищевых продуктов _eопределение компонентов и пищевых добавок _e[сборник] _eперевод с английского _fпод редакцией Семиха Этлеша |
|
| 210 |
_aСанкт-Петербург _cПрофессия _d2016 |
||
| 215 |
_a560 с. _cтабл. _d25 |
||
| 225 | 1 | _aСерия Научные основы и технологии | |
| 300 | _aЗагл. ориг.: Methods of Analysis of Food Components and Additives | ||
| 320 | _aБиблиогр. в конце гл. | ||
| 454 | 0 |
_12001#$aMethods of Analysis of Food Components and Additives _tMethods of Analysis of Food Components and Additives |
|
| 517 | 1 | _aОпределение компонентов и пищевых добавок | |
| 606 | 1 |
_aПищевые продукты _xКачество _xОпределение _92559552 _3RU\NLR\AUTH\661514136 |
|
| 606 | 1 |
_aПищевые продукты _xАнализ _9993854 _3RU\NLR\AUTH\6657991 |
|
| 610 | 0 | _aхимико-физические методы анализа | |
| 610 | 0 | _aпищевые продукты | |
| 610 | 0 | _aфизико-химический анализ | |
| 610 | 0 | _aанализ качества | |
| 686 |
_a36.80-3-7 _vLBC/M _2rubbk |
||
| 686 | 1 | _aЛ80-1с4 | |
| 686 | 1 | _aЛ80-106с | |
| 702 | 1 |
_aЭтлеш _bС. _gСемих _4220 |
|
| 801 | 0 |
_aRU _bТюменская ОНБ _c20160722 _grcr |
|
| 942 | _cBOOK | ||
| 980 | _aNBR | ||